00312nam a2200121Ia 4500008004000000020001800040082001500058100001700073245005300090250000500143260003400148300000800182210210b2000 xxu||||| |||| 00| 0 eng d a81 7446 213 9 a658.3 RAOH aRAO (V S P). aHuman resource management, text and cases. Ed 1. a aNew Delhi.bExcel Booksc2000 a618